000 00796nam a22002177a 4500
999 _c5481
_d5481
003 AR-CdUCM
008 190312b ||||| |||| 00| 0 spa d
040 _aMUNICIPALIDAD PROVINCIAL DEL CUSCO
_cBIBLIOTECA MUNICIPAL DEL CUSCO
082 _a810.4 /
_bL76
100 _aLoftis, John Clyde
_916465
245 _ala independencia de la literatura norteamericana /
260 _aLima :
_bServicio de informacion de los estados Unidos de América,
_c1960.
300 _a91 páginas ;
_c20 cm.
500 _aDonación familia Luis Nieto
505 _aContenido: Estudio crítico biobibliográfico de literatura norteamericana.
650 _aLiteratura estadounidense
_911000
650 _aAutores estadounidenses
_91420
650 _aBiobibliografía
_97105
942 _2ddc
_cLIBROS
945 _adavv